000 00287nam a2200121Ia 4500
008 240625s9999 xx 000 0 und d
041 _aeng
082 _a658.4063 KHO
100 _aBY KHOSLA SANJAY
245 _aFEWER BIGGER BOLDER FROM MINDLESS EXPANS
260 _c2014
365 _cRS
999 _c32879
_d32879